The durian eating competition

Bibliographic Details
Main Author: Shahaneem Hanoum
Corporate Author: Title
Format: Book
Published: Selangor : IBS Buku , 2003
Series:Folktales retold
Subjects:

MARC

LEADER 00000cam a2200000 7i4500
001 0000004329
005 20220105104000.0
008 070725
020 |a 9679501744 
090 0 0 |a JP   |b ENG (3888) 
100 0 |a Shahaneem Hanoum 
245 1 4 |a The durian eating competition   |c Shahaneem Hanoum 
260 |a Selangor :   |b IBS Buku ,   |c 2003 
440 |a Folktales retold 
500 |a Children age 4-6 years old (yellow) 
650 0 |a Animal   |x fiction 
650 0 |a Children's stories, English 
710 0 |a Title 
999 |a 0000880079   |b Book   |c Children Collection   |e Cawangan Mersing 
999 |a 0000880081   |b Book   |c Children Collection   |e Cawangan Segamat 
999 |a 0000880084   |b Book   |c Children Collection   |e Cawangan Pontian 
999 |a 0000974296   |b Book   |c Children Collection   |e Perbadanan Perpustakaan Awam Johor 
999 |a 0000974297   |b Book   |c Children Collection   |e Perbadanan Perpustakaan Awam Johor 
999 |a 0000974298   |b Book   |c Children Collection   |e Cawangan Bukit Gambir 
999 |a 0000974299   |b Book   |c Children Collection   |e Perbadanan Perpustakaan Awam Johor 
999 |a 0000974300   |b Book   |c Children Collection   |e Cawangan Kota Tinggi